00281nam a2200121Ia 4500008004100000082001100041245001800052250000600070260003900076300000800115630001800123730001800141090124s9999 xx 000 0 und d b303600 a शर्थ a1 bराजे शैलजाc1998 a151 a शर्थ a शर्थ